[Event "Groningen Festival 2018"]
[Site "Groningen"]
[Date "2018.12.27"]
[Round "6"]
[White "Schoppen, Casper"]
[Black "Vrolijk, Liam"]
[Result "1/2-1/2"]
[WhiteElo "2431"]
[BlackElo "2440"]
[Annotator "NA"]
[PlyCount "68"]
[EventDate "2018.12.22"]
[EventType "swiss"]
[EventCountry "NED"]
[SourceTitle "playchess.com"]
[Source "ChessBase"]
[SourceQuality "1"]
[TimeControl "40/5400+30:1800+30"]

1. e4 {[%emt 0:00:00]} c5 {[%emt 0:00:00]} 2. Nf3 {[%emt 0:00:00]} d6 {[%emt 0:00:06]} 3. d4 {[%emt 0:00:03]} cxd4 {[%emt 0:00:09]} 4. Nxd4 {[%emt 0:00:04]} Nf6 {[%emt 0:00:09]} 5. Nc3 {[%emt 0:00:07]} a6 {[%emt 0:00:06]} 6. Bg5 {[%emt 0:00:47]} Nbd7 {[%emt 0:00:22]} 7. Qe2 {[%emt 0:00:40]} h6 {[%emt 0:00:23]} 8. Bh4 {[%emt 0:00:04]} g6 {[%emt 0:00:09]} 9. f4 {[%emt 0:00:38]} e5 {[%emt 0:00:44]} 10. fxe5 {[%emt 0:00:04]} dxe5 {[%emt 0:00:07]} 11. O-O-O {[%emt 0:00:10]} Qc7 {[%emt 0:00:55]} 12. Nb3 {[%emt 0:00:07]} b5 {[%emt 0:00:35]} 13. Nd5 {[%emt 0:00:14]} Nxd5 {[%emt 0:00:18]} 14. exd5 {[%emt 0:00:04]} Bd6 {[%emt 0:00:22]} 15. Qd2 {[%emt 0:00:09]} Kf8 {[%emt 0:00:39]} 16. g4 {[%emt 0:00:45]} a5 {[%emt 0:01:50]} 17. Qe3 {[%emt 0:01:17]} Nb6 {[%emt 0:06:00]} 18. Bxb5 {[%emt 0:02:53]} a4 {[%emt 0:01:39]} 19. Nd4 {[%emt 0:01:36]} Bxg4 {[%emt 0:16:28]} 20. Qe4 {[%emt 0:01:38]} Bxd1 {[%emt 0:10:04]} 21. Ne6+ {[%emt 0:00:17]} fxe6 {[%emt 0:00:08]} 22. Rxd1 {[%emt 0:00:06]} Rh7 {[%emt 0:04:17]} 23. Qxg6 {[%emt 0:02:09]} e4 {[%emt 0:09:56]} 24. dxe6 {[%emt 0:00:26]} Rg7 {[%emt 0:01:58]} 25. Qxe4 {[%emt 0:03:05]} Be7 {[%emt 0:05:48]} 26. Bg3 {[%emt 0:01:09]} Qc5 {[%emt 0:04:35]} 27. Be5 {[%emt 0:13:43]} Qxb5 {[%emt 0:07:59]} 28. h4 {[%emt 0:05:26]} Rd8 {[%emt 0:05:00]} 29. Qf3+ {[%emt 0:01:24]} Kg8 {[%emt 0:00:28]} 30. Rxd8+ {[%emt 0:00:08]} Bxd8 {[%emt 0:00:09]} 31. Bxg7 {[%emt 0:00:04]} Kxg7 {[%emt 0:01:19]} 32. Qf7+ {[%emt 0:00:07]} Kh8 {[%emt 0:00:09]} 33. Qf8+ {[%emt 0:00:11]} Kh7 {[%emt 0:00:08]} 34. Qf7+ {[%emt 0:00:08]} Kh8 {[%emt 0:00:07]} 1/2-1/2

[Event "Groningen Festival 2018"]
[Site "Groningen"]
[Date "2018.12.27"]
[Round "6"]
[White "Grooten, Herman"]
[Black "Hovsepyan, Vardan"]
[Result "1-0"]
[WhiteElo "2374"]
[BlackElo "2264"]
[Annotator "NA"]
[PlyCount "131"]
[EventDate "2018.12.22"]
[EventType "swiss"]
[EventCountry "NED"]
[SourceTitle "playchess.com"]
[Source "ChessBase"]
[SourceQuality "1"]
[TimeControl "40/5400+30:1800+30"]

1. d4 {[%emt 0:00:00]} e6 {[%emt 0:00:00]} 2. c4 {[%emt 0:00:00]} f5 {[%emt 0:00:04]} 3. g3 {[%emt 0:00:08]} Nf6 {[%emt 0:00:10]} 4. Bg2 {[%emt 0:00:09]} Bb4+ {[%emt 0:00:10]} 5. Bd2 {[%emt 1:32:13]} Bxd2+ {[%emt 0:00:16]} 6. Qxd2 {[%emt 0:00:06]} d6 {[%emt 0:01:19]} 7. Nc3 {[%emt 1:31:51]} O-O {[%emt 0:00:39]} 8. e3 {[%emt 0:04:16]} Nbd7 {[%emt 1:31:22]} 9. Nge2 {[%emt 0:05:15]} e5 {[%emt 0:06:13]} 10. O-O {[%emt 1:23:21]} a5 {[%emt 0:01:49]} 11. Nb5 {[%emt 0:04:31]} Ne8 {[%emt 1:20:27]} 12. c5 {[%emt 0:10:17]} Ra6 {[%emt 0:04:56]} 13. Rac1 {[%emt 1:08:25]} e4 {[%emt 0:05:59]} 14. cxd6 {[%emt 0:08:38]} c6 {[%emt 1:06:47]} 15. Nc7 {[%emt 0:02:29]} Nxc7 {[%emt 0:00:12]} 16. dxc7 {[%emt 0:00:06]} Qxc7 {[%emt 0:00:07]} 17. Nf4 {[%emt 0:03:19]} Nf6 {[%emt 0:01:39]} 18. h4 {[%emt 0:00:23]} Qf7 {[%emt 0:02:47]} 19. Rc5 {[%emt 0:08:33]} Qxa2 {[%emt 0:07:46]} 20. Rfc1 {[%emt 0:01:29]} Rb6 {[%emt 0:00:24]} 21. R5c2 {[%emt 0:43:44]} Qa4 {[%emt 0:06:47]} 22. Bf1 {[%emt 0:37:16]} Qb4 {[%emt 0:02:16]} 23. Ra1 {[%emt 0:36:48]} a4 {[%emt 0:02:49]} 24. Qd1 {[%emt 0:33:25]} Bd7 {[%emt 0:05:15]} 25. Rc4 {[%emt 0:30:33]} Qxb2 {[%emt 0:02:42]} 26. Rcxa4 {[%emt 0:00:34]} g6 {[%emt 0:03:36]} 27. Bc4+ {[%emt 0:04:45]} Kh8 {[%emt 0:01:52]} 28. Ba2 {[%emt 0:22:36]} Ng4 {[%emt 0:05:11]} 29. Ne2 {[%emt 0:03:44]} c5 {[%emt 0:08:35]} 30. Ra7 {[%emt 0:00:54]} Ra6 {[%emt 0:03:15]} 31. Rxa6 {[%emt 0:00:41]} bxa6 {[%emt 0:00:06]} 32. dxc5 {[%emt 0:18:48]} Bb5 {[%emt 0:01:34]} 33. Qd4+ {[%emt 0:00:19]} Qxd4 {[%emt 0:00:07]} 34. Nxd4 {[%emt 0:00:05]} Rc8 {[%emt 0:00:25]} 35. Rc1 {[%emt 0:03:37]} Ne5 {[%emt 0:00:07]} 36. Be6 {[%emt 0:01:42]} Re8 {[%emt 0:02:25]} 37. Nxb5 {[%emt 0:15:15]} Rxe6 {[%emt 0:00:52]} 38. Nd4 {[%emt 0:00:06]} Re8 {[%emt 0:02:12]} 39. c6 {[%emt 0:00:17]} Rc8 {[%emt 0:01:17]} 40. Rc5 {[%emt 0:14:05]} Nd3 {[%emt 0:00:26]} 41. Rd5 {[%emt 0:43:33]} Nb4 {[%emt 0:30:12]} 42. Rd6 {[%emt 0:00:22]} Kg8 {[%emt 0:00:20]} 43. h5 {[%emt 0:04:38]} Kf7 {[%emt 0:05:25]} 44. h6 {[%emt 0:01:12]} Rc7 {[%emt 0:00:44]} 45. g4 {[%emt 0:04:25]} fxg4 {[%emt 0:01:16]} 46. Kg2 {[%emt 0:00:18]} a5 {[%emt 0:02:36]} 47. Kg3 {[%emt 0:04:37]} a4 {[%emt 0:00:24]} 48. Nb5 {[%emt 0:00:52]} Rxc6 {[%emt 0:00:39]} 49. Rd7+ {[%emt 0:01:31]} Kf6 {[%emt 0:00:42]} 50. Rxh7 {[%emt 0:00:00]} Kg5 {[%emt 0:00:00]} 51. Rh8 {[%emt 0:00:00]} Rf6 {[%emt 0:00:00]} 52. Nc3 {[%emt 0:00:00]} Rf3+ {[%emt 0:00:00]} 53. Kg2 {[%emt 0:00:00]} Rf7 {[%emt 0:00:00]} 54. Nxe4+ {[%emt 0:03:08]} Kh4 {[%emt 0:03:49]} 55. Rb8 {[%emt 0:00:30]} Nd3 {[%emt 0:00:00]} 56. Rb1 {[%emt 0:00:00]} Nxf2 {[%emt 0:01:00]} 57. Nxf2 {[%emt 0:00:00]} Kg5 {[%emt 0:00:00]} 58. Rb5+ {[%emt 0:00:00]} Kxh6 {[%emt 0:02:00]} 59. Nxg4+ {[%emt 0:00:00]} Kg7 {[%emt 0:00:00]} 60. Ra5 {[%emt 0:00:00]} Rb7 {[%emt 0:00:00]} 61. Rxa4 {[%emt 0:00:00]} Kf7 {[%emt 0:00:00]} 62. Ra6 {[%emt 0:00:00]} Rb5 {[%emt 0:00:00]} 63. Kf3 {[%emt 0:00:00]} Rf5+ {[%emt 0:04:30]} 64. Ke4 {[%emt 0:00:00]} Rg5 {[%emt 0:00:00]} 65. Ne5+ {[%emt 0:00:00]} Kg7 {[%emt 0:00:00]} 66. Rxg6+ {[%emt 0:00:00]} 1-0

[Event "Groningen Festival 2018"]
[Site "Groningen"]
[Date "2018.12.27"]
[Round "6"]
[White "Maatman, Nick"]
[Black "Plat, Vojtech"]
[Result "1/2-1/2"]
[WhiteElo "2363"]
[BlackElo "2550"]
[Annotator "ChessBase"]
[PlyCount "91"]
[EventDate "2018.12.22"]
[EventType "swiss"]
[EventCountry "NED"]
[SourceTitle "playchess.com"]
[Source "ChessBase"]
[SourceQuality "1"]
[TimeControl "40/5400+30:1800+30"]

1. d4 {[%emt 0:00:00]} Nf6 {[%emt 0:00:00]} 2. c4 {[%emt 0:00:04]} g6 {[%emt 0:00:00]} 3. Nc3 {[%emt 0:00:05]} d5 {[%emt 0:00:00]} 4. cxd5 {[%emt 0:00:06]} Nxd5 {[%emt 0:00:00]} 5. e4 {[%emt 0:00:05]} Nxc3 {[%emt 0:00:00]} 6. bxc3 {[%emt 0:00:05]} Bg7 {[%emt 0:00:00]} 7. Nf3 {[%emt 0:00:38]} c5 {[%emt 0:00:01]} 8. Be3 {[%emt 0:01:46]} Nc6 {[%emt 0:00:10]} 9. Rc1 {[%emt 0:09:39]} cxd4 {[%emt 0:00:51]} 10. cxd4 {[%emt 0:00:26]} O-O {[%emt 0:00:10]} 11. d5 {[%emt 0:01:40]} Ne5 {[%emt 0:00:46]} 12. Nxe5 {[%emt 0:00:05]} Bxe5 {[%emt 0:00:03]} 13. f4 {[%emt 0:26:46]} Bc7 {[%emt 0:00:04]} 14. Bc4 {[%emt 0:07:21]} Bb6 {[%emt 0:05:50]} 15. Qe2 {[%emt 0:04:31]} Bd7 {[%emt 0:03:22]} 16. O-O {[%emt 0:00:36]} Rc8 {[%emt 0:00:02]} 17. Kh1 {[%emt 0:13:14]} Bxe3 {[%emt 0:00:13]} 18. Qxe3 {[%emt 0:00:03]} Rxc4 {[%emt 0:02:04]} 19. Rxc4 {[%emt 0:00:06]} Bb5 {[%emt 0:00:01]} 20. Qb3 {[%emt 0:06:35]} Qd7 {[%emt 0:00:35]} 21. Rfc1 {[%emt 0:00:51]} Bxc4 {[%emt 0:00:05]} 22. Qxc4 {[%emt 0:00:07]} e6 {[%emt 0:03:07]} 23. dxe6 {[%emt 0:09:26]} fxe6 {[%emt 0:03:35]} 24. g3 {[%emt 0:00:03]} Rd8 {[%emt 0:00:28]} 25. Kg2 {[%emt 0:01:02]} b5 {[%emt 0:00:28]} 26. Qc7 {[%emt 0:05:37]} Qxc7 {[%emt 0:00:21]} 27. Rxc7 {[%emt 0:00:02]} Rd2+ {[%emt 0:00:05]} 28. Kf3 {[%emt 0:00:04]} Rxa2 {[%emt 0:00:07]} 29. Kg4 {[%emt 0:00:58]} h6 {[%emt 0:01:12]} 30. Rb7 {[%emt 0:05:34]} a6 {[%emt 0:00:17]} 31. h4 {[%emt 0:00:13]} Ra3 {[%emt 0:00:24]} 32. h5 {[%emt 0:02:55]} gxh5+ {[%emt 0:00:05]} 33. Kh4 {[%emt 0:00:09]} Kf8 {[%emt 0:01:01]} 34. f5 {[%emt 0:01:53]} exf5 {[%emt 0:00:08]} 35. exf5 {[%emt 0:00:12]} Rf3 {[%emt 0:02:00]} 36. Kxh5 {[%emt 0:00:22]} Rxf5+ {[%emt 0:03:33]} 37. Kxh6 {[%emt 0:00:01]} Rf6+ {[%emt 0:04:46]} 38. Kg5 {[%emt 0:00:34]} Rc6 {[%emt 0:04:57]} 39. g4 {[%emt 0:00:05]} Rc4 {[%emt 0:05:28]} 40. Kf6 {[%emt 0:02:57]} Rf4+ {[%emt 0:03:56]} 41. Kg5 {[%emt 0:30:05]} Rf7 {[%emt 0:34:11]} 42. Rb8+ {[%emt 0:01:05]} Kg7 {[%emt 0:00:48]} 43. Ra8 {[%emt 0:00:24]} b4 {[%emt 0:00:25]} 44. Rxa6 {[%emt 0:00:20]} Rb7 {[%emt 0:00:03]} 45. Ra1 {[%emt 0:01:07]} b3 {[%emt 0:00:11]} 46. Rb1 {[%emt 0:00:57]} 1/2-1/2

[Event "Groningen Festival 2018"]
[Site "Groningen"]
[Date "2018.12.27"]
[Round "6"]
[White "Cerveny, Martin"]
[Black "Wedda, Dries"]
[Result "1-0"]
[WhiteElo "2347"]
[BlackElo "2208"]
[Annotator "NA"]
[PlyCount "125"]
[EventDate "2018.12.22"]
[EventType "swiss"]
[EventCountry "NED"]
[SourceTitle "playchess.com"]
[Source "ChessBase"]
[SourceQuality "1"]
[TimeControl "40/5400+30:1800+30"]

1. d4 {[%emt 0:00:00]} Nf6 {[%emt 0:00:00]} 2. Nf3 {[%emt 0:00:00]} b6 {[%emt 0:00:00]} 3. g3 {[%emt 0:00:00]} Bb7 {[%emt 0:00:05]} 4. Bg2 {[%emt 0:00:00]} g6 {[%emt 0:00:22]} 5. O-O {[%emt 0:00:05]} Bg7 {[%emt 0:00:04]} 6. c4 {[%emt 0:00:08]} O-O {[%emt 0:00:05]} 7. Nc3 {[%emt 0:03:39]} Ne4 {[%emt 0:00:21]} 8. Bd2 {[%emt 0:00:20]} d6 {[%emt 0:03:35]} 9. Nxe4 {[%emt 0:01:36]} Bxe4 {[%emt 0:00:06]} 10. Bc3 {[%emt 0:00:06]} Nd7 {[%emt 0:01:39]} 11. Qd2 {[%emt 0:01:02]} e6 {[%emt 0:15:07]} 12. Rfe1 {[%emt 0:03:34]} Qe7 {[%emt 0:03:17]} 13. Bh3 {[%emt 0:00:15]} f5 {[%emt 0:11:01]} 14. Rad1 {[%emt 0:00:31]} a5 {[%emt 0:11:19]} 15. Qe3 {[%emt 0:11:06]} Rae8 {[%emt 0:05:36]} 16. b3 {[%emt 0:04:45]} Qd8 {[%emt 0:07:30]} 17. Qc1 {[%emt 0:02:18]} Qa8 {[%emt 0:07:36]} 18. Bg2 {[%emt 0:01:25]} Re7 {[%emt 0:02:34]} 19. Nh4 {[%emt 0:00:21]} Bxg2 {[%emt 0:00:49]} 20. Nxg2 {[%emt 0:00:02]} Rfe8 {[%emt 0:02:17]} 21. Qb2 {[%emt 0:09:18]} Nf6 {[%emt 0:03:47]} 22. f3 {[%emt 0:00:27]} Bh6 {[%emt 0:02:29]} 23. a3 {[%emt 0:02:23]} Nd7 {[%emt 0:01:25]} 24. b4 {[%emt 0:00:58]} axb4 {[%emt 0:00:19]} 25. axb4 {[%emt 0:00:02]} e5 {[%emt 0:05:07]} 26. d5 {[%emt 0:03:14]} b5 {[%emt 0:03:27]} 27. c5 {[%emt 0:00:07]} dxc5 {[%emt 0:03:25]} 28. bxc5 {[%emt 0:01:42]} Nxc5 {[%emt 0:02:34]} 29. Qxb5 {[%emt 0:01:03]} Nb7 {[%emt 0:00:17]} 30. Ra1 {[%emt 0:02:04]} Nd6 {[%emt 0:00:01]} 31. Qc5 {[%emt 0:00:07]} Qd8 {[%emt 0:01:02]} 32. Ra7 {[%emt 0:01:09]} Rd7 {[%emt 0:01:05]} 33. Ba5 {[%emt 0:00:25]} Nc8 {[%emt 0:02:59]} 34. Rxc7 {[%emt 0:00:09]} Bf8 {[%emt 0:01:16]} 35. Qc6 {[%emt 0:01:49]} Rxc7 {[%emt 0:00:41]} 36. Bxc7 {[%emt 0:00:03]} Qe7 {[%emt 0:00:48]} 37. d6 {[%emt 0:00:16]} Nxd6 {[%emt 0:02:28]} 38. Bxd6 {[%emt 0:00:06]} Qe6 {[%emt 0:00:00]} 39. e4 {[%emt 0:03:15]} Rc8 {[%emt 0:02:12]} 40. exf5 {[%emt 0:01:27]} Rxc6 {[%emt 0:00:34]} 41. fxe6 {[%emt 0:30:06]} Bxd6 {[%emt 0:30:36]} 42. f4 {[%emt 0:05:03]} Bc5+ {[%emt 0:00:00]} 43. Kf1 {[%emt 0:00:00]} Rxe6 {[%emt 0:00:00]} 44. Nh4 {[%emt 0:00:00]} Bd6 {[%emt 0:00:00]} 45. Nf3 {[%emt 0:00:00]} Rf6 {[%emt 0:00:00]} 46. Nxe5 {[%emt 0:00:00]} g5 {[%emt 0:00:00]} 47. Ng4 {[%emt 0:00:00]} Rf8 {[%emt 0:00:00]} 48. Re6 {[%emt 0:00:00]} gxf4 {[%emt 0:00:00]} 49. Nh6+ {[%emt 0:00:00]} Kg7 {[%emt 0:00:00]} 50. g4 {[%emt 0:00:00]} Bc5 {[%emt 0:00:00]} 51. Rc6 {[%emt 0:00:00]} Be3 {[%emt 0:00:00]} 52. h4 {[%emt 0:00:00]} Rb8 {[%emt 0:00:00]} 53. Ke2 {[%emt 0:00:00]} Rb3 {[%emt 0:01:35]} 54. Nf5+ {[%emt 0:00:00]} Kg8 {[%emt 0:00:11]} 55. h5 {[%emt 0:00:00]} Bg1 {[%emt 0:00:51]} 56. Rf6 {[%emt 0:00:00]} f3+ {[%emt 0:00:18]} 57. Kd2 {[%emt 0:00:00]} f2 {[%emt 0:01:02]} 58. Ne7+ {[%emt 0:00:00]} Kg7 {[%emt 0:00:20]} 59. g5 {[%emt 0:00:00]} f1=N+ {[%emt 0:02:46]} 60. Rxf1 {[%emt 0:00:00]} h6 {[%emt 0:01:57]} 61. g6 {[%emt 0:00:00]} Rb2+ {[%emt 0:00:46]} 62. Kc3 {[%emt 0:00:00]} Rf2 {[%emt 0:00:12]} 63. Rxg1 {[%emt 0:00:00]} 1-0

[Event "Groningen Festival 2018"]
[Site "Groningen"]
[Date "2018.12.27"]
[Round "6"]
[White "Ashwath, R.."]
[Black "Gleizerov, Evgeny"]
[Result "1/2-1/2"]
[WhiteElo "2314"]
[BlackElo "2504"]
[Annotator "ChessBase"]
[PlyCount "39"]
[EventDate "2018.12.22"]
[EventType "swiss"]
[EventCountry "NED"]
[SourceTitle "playchess.com"]
[Source "ChessBase"]
[SourceQuality "1"]
[TimeControl "40/5400+30:1800+30"]

1. d4 {[%emt 0:00:00]} e6 {[%emt 0:00:00]} 2. Nf3 {[%emt 0:00:13]} f5 {[%emt 0:00:00]} 3. h3 {[%emt 0:00:12]} Nf6 {[%emt 0:00:49]} 4. g4 {[%emt 0:00:51]} b6 {[%emt 0:00:22]} 5. Qd3 {[%emt 0:01:58]} Ba6 {[%emt 0:05:27]} 6. c4 {[%emt 0:01:25]} Bb4+ {[%emt 0:00:29]} 7. Bd2 {[%emt 0:01:08]} Qe7 {[%emt 0:03:32]} 8. a3 {[%emt 0:08:06]} Bxd2+ {[%emt 0:00:14]} 9. Nbxd2 {[%emt 0:00:28]} Nc6 {[%emt 0:13:27]} 10. gxf5 {[%emt 0:10:32]} e5 {[%emt 0:00:08]} 11. dxe5 {[%emt 0:14:53]} Nxe5 {[%emt 0:01:46]} 12. Qc3 {[%emt 0:01:10]} Nxf3+ {[%emt 0:04:28]} 13. Qxf3 {[%emt 0:00:29]} O-O {[%emt 0:00:09]} 14. O-O-O {[%emt 0:03:19]} b5 {[%emt 0:02:48]} 15. cxb5 {[%emt 0:02:41]} Qc5+ {[%emt 0:00:09]} 16. Qc3 {[%emt 0:05:25]} Qxc3+ {[%emt 0:01:32]} 17. bxc3 {[%emt 0:00:02]} Bxb5 {[%emt 0:00:04]} 18. e4 {[%emt 0:00:37]} Bxf1 {[%emt 0:00:29]} 19. Rhxf1 {[%emt 0:00:31]} d5 {[%emt 0:00:05]} 20. f3 {[%emt 0:06:08]} 1/2-1/2

[Event "Groningen Festival 2018"]
[Site "Groningen"]
[Date "2018.12.27"]
[Round "6"]
[White "Pel, Bonno"]
[Black "Kollen, Zyon"]
[Result "0-1"]
[WhiteElo "2279"]
[BlackElo "2363"]
[Annotator "NA"]
[PlyCount "68"]
[EventDate "2018.12.22"]
[EventType "swiss"]
[EventCountry "NED"]
[SourceTitle "playchess.com"]
[Source "ChessBase"]
[SourceQuality "1"]
[TimeControl "40/5400+30:1800+30"]

1. g3 {[%emt 0:00:00]} Nf6 {[%emt 0:00:00]} 2. Bg2 {[%emt 0:00:00]} d5 {[%emt 0:00:11]} 3. d3 {[%emt 0:00:09]} e5 {[%emt 0:00:36]} 4. Nf3 {[%emt 0:00:28]} Bd6 {[%emt 0:00:28]} 5. O-O {[%emt 0:00:22]} O-O {[%emt 0:00:14]} 6. c4 {[%emt 0:05:37]} d4 {[%emt 0:08:39]} 7. c5 {[%emt 0:03:36]} Bxc5 {[%emt 0:00:22]} 8. Nxe5 {[%emt 0:00:08]} c6 {[%emt 0:02:50]} 9. Qc2 {[%emt 0:13:52]} Qe7 {[%emt 0:04:54]} 10. Nf3 {[%emt 0:06:55]} Na6 {[%emt 0:05:11]} 11. a3 {[%emt 0:02:18]} Bf5 {[%emt 0:06:57]} 12. b4 {[%emt 0:02:03]} Bb6 {[%emt 0:00:19]} 13. Bb2 {[%emt 0:00:12]} Rad8 {[%emt 0:12:38]} 14. Re1 {[%emt 0:01:30]} Nc7 {[%emt 0:00:16]} 15. Nbd2 {[%emt 0:00:49]} Ne6 {[%emt 0:01:44]} 16. Nc4 {[%emt 0:10:06]} Bc7 {[%emt 0:01:01]} 17. Nh4 {[%emt 0:01:18]} Bg6 {[%emt 0:08:42]} 18. e4 {[%emt 0:11:30]} dxe3 {[%emt 0:01:07]} 19. Nxe3 {[%emt 0:04:44]} Qd7 {[%emt 0:10:14]} 20. Bxf6 {[%emt 0:05:24]} gxf6 {[%emt 0:00:09]} 21. Be4 {[%emt 0:03:44]} Nd4 {[%emt 0:00:59]} 22. Qd1 {[%emt 0:01:29]} Rfe8 {[%emt 0:03:57]} 23. Nc2 {[%emt 0:03:08]} f5 {[%emt 0:12:56]} 24. Bg2 {[%emt 0:00:25]} Rxe1+ {[%emt 0:00:22]} 25. Nxe1 {[%emt 0:00:23]} Bb6 {[%emt 0:03:12]} 26. Bh3 {[%emt 0:04:30]} Re8 {[%emt 0:01:58]} 27. Neg2 {[%emt 0:11:19]} Ne2+ {[%emt 0:02:02]} 28. Kh1 {[%emt 0:02:26]} Bxf2 {[%emt 0:02:14]} 29. Qf1 {[%emt 0:00:25]} Bxg3 {[%emt 0:06:00]} 30. Nxf5 {[%emt 0:02:33]} Bxf5 {[%emt 0:01:07]} 31. Bxf5 {[%emt 0:00:34]} Qd6 {[%emt 0:01:19]} 32. Ra2 {[%emt 0:02:29]} Qh6 {[%emt 0:00:41]} 33. h3 {[%emt 0:01:23]} Nd4 {[%emt 0:01:04]} 34. Bg4 {[%emt 0:00:40]} f5 {[%emt 0:00:50]} 0-1

[Event "Groningen Festival 2018"]
[Site "Groningen"]
[Date "2018.12.27"]
[Round "6"]
[White "Schippers, Maurice"]
[Black "Beerdsen, Thomas"]
[Result "1/2-1/2"]
[WhiteElo "2270"]
[BlackElo "2477"]
[Annotator "ChessBase"]
[PlyCount "26"]
[EventDate "2018.12.22"]
[EventType "swiss"]
[EventCountry "NED"]
[SourceTitle "playchess.com"]
[Source "ChessBase"]
[SourceQuality "1"]
[TimeControl "40/5400+30:1800+30"]

1. e4 {[%emt 0:00:00]} e5 {[%emt 0:00:00]} 2. Nf3 {[%emt 0:00:00]} Nc6 {[%emt 0:00:00]} 3. Nc3 {[%emt 0:00:04]} Nf6 {[%emt 0:01:00]} 4. d4 {[%emt 0:01:49]} exd4 {[%emt 0:00:15]} 5. Nxd4 {[%emt 0:00:05]} Bb4 {[%emt 0:00:33]} 6. Nxc6 {[%emt 0:00:06]} bxc6 {[%emt 0:00:04]} 7. Bd3 {[%emt 0:00:05]} O-O {[%emt 0:00:21]} 8. O-O {[%emt 0:00:14]} Re8 {[%emt 0:00:04]} 9. Qf3 {[%emt 0:08:21]} h6 {[%emt 0:11:59]} 10. Qg3 {[%emt 0:09:06]} Bxc3 {[%emt 0:14:34]} 11. bxc3 {[%emt 0:00:56]} Nxe4 {[%emt 0:01:22]} 12. Bxe4 {[%emt 0:00:27]} Rxe4 {[%emt 0:00:07]} 13. Bxh6 {[%emt 0:01:16]} Qf6 {[%emt 0:01:00]} 1/2-1/2

[Event "Groningen Festival 2018"]
[Site "Groningen"]
[Date "2018.12.27"]
[Round "6"]
[White "Baum, Bernd"]
[Black "Warmerdam, Max"]
[Result "1/2-1/2"]
[WhiteElo "2252"]
[BlackElo "2433"]
[Annotator "NA"]
[PlyCount "28"]
[EventDate "2018.12.22"]
[EventType "swiss"]
[EventCountry "NED"]
[SourceTitle "playchess.com"]
[Source "ChessBase"]
[SourceQuality "1"]
[TimeControl "40/5400+30:1800+30"]

1. Nf3 {[%emt 0:00:00]} c5 {[%emt 0:00:00]} 2. c4 {[%emt 0:01:15]} g6 {[%emt 0:02:24]} 3. d4 {[%emt 0:03:04]} Bg7 {[%emt 0:04:43]} 4. e4 {[%emt 0:03:27]} d6 {[%emt 0:06:49]} 5. dxc5 {[%emt 0:10:27]} Qa5+ {[%emt 0:08:09]} 6. Bd2 {[%emt 0:01:22]} Qxc5 {[%emt 0:00:09]} 7. Nc3 {[%emt 0:00:49]} Nf6 {[%emt 0:03:05]} 8. Be2 {[%emt 0:00:34]} O-O {[%emt 0:07:47]} 9. O-O {[%emt 0:00:28]} Nc6 {[%emt 0:01:07]} 10. h3 {[%emt 0:03:22]} Qb6 {[%emt 0:01:55]} 11. Rb1 {[%emt 0:01:54]} Bd7 {[%emt 0:01:50]} 12. Bg5 {[%emt 0:00:38]} Qa5 {[%emt 0:09:51]} 13. Qd2 {[%emt 0:00:56]} Rfc8 {[%emt 0:00:32]} 14. Rfd1 {[%emt 0:06:13]} Be6 {[%emt 0:07:01]} 1/2-1/2

[Event "Groningen Festival 2018"]
[Site "Groningen"]
[Date "2018.12.27"]
[Round "6"]
[White "Van Meegen, Ruud"]
[Black "Maris, Ivo"]
[Result "0-1"]
[WhiteElo "2230"]
[BlackElo "2351"]
[Annotator "NA"]
[PlyCount "72"]
[EventDate "2018.12.22"]
[EventType "swiss"]
[EventCountry "NED"]
[SourceTitle "playchess.com"]
[Source "ChessBase"]
[SourceQuality "1"]
[TimeControl "40/5400+30:1800+30"]

1. Nf3 {[%emt 0:00:00]} d5 {[%emt 0:00:12]} 2. e3 {[%emt 0:00:00]} c5 {[%emt 0:01:24]} 3. b3 {[%emt 0:01:39]} Nf6 {[%emt 0:01:22]} 4. Bb2 {[%emt 0:00:19]} g6 {[%emt 0:01:12]} 5. c4 {[%emt 0:11:05]} dxc4 {[%emt 0:01:51]} 6. Bxc4 {[%emt 0:01:00]} Bg7 {[%emt 0:00:05]} 7. h4 {[%emt 0:05:30]} O-O {[%emt 0:04:51]} 8. h5 {[%emt 0:05:33]} Nxh5 {[%emt 0:01:26]} 9. Bxg7 {[%emt 0:00:09]} Kxg7 {[%emt 0:00:18]} 10. Ne5 {[%emt 0:15:27]} Qd6 {[%emt 0:01:48]} 11. Rxh5 {[%emt 0:09:46]} gxh5 {[%emt 0:00:19]} 12. Qxh5 {[%emt 0:00:12]} Qf6 {[%emt 0:06:10]} 13. Nc3 {[%emt 0:04:49]} Nc6 {[%emt 0:05:11]} 14. Nxc6 {[%emt 0:03:08]} Qxc6 {[%emt 0:00:51]} 15. Qg5+ {[%emt 0:04:57]} Qg6 {[%emt 0:00:06]} 16. Qxe7 {[%emt 0:00:21]} Be6 {[%emt 0:02:17]} 17. Bxe6 {[%emt 0:13:25]} Qxe6 {[%emt 0:01:49]} 18. Qxb7 {[%emt 0:02:21]} Rfd8 {[%emt 0:03:37]} 19. Qe4 {[%emt 0:02:57]} Qd6 {[%emt 0:04:11]} 20. Rd1 {[%emt 0:00:46]} a5 {[%emt 0:00:55]} 21. Ke2 {[%emt 0:06:05]} Rab8 {[%emt 0:00:46]} 22. d3 {[%emt 0:01:08]} Qf6 {[%emt 0:04:48]} 23. Nd5 {[%emt 0:02:07]} Qg5 {[%emt 0:00:16]} 24. Nf4 {[%emt 0:02:07]} Re8 {[%emt 0:02:07]} 25. Qf3 {[%emt 0:00:42]} a4 {[%emt 0:00:35]} 26. Nh5+ {[%emt 0:03:18]} Kh8 {[%emt 0:03:04]} 27. Nf6 {[%emt 0:00:12]} Re6 {[%emt 0:02:38]} 28. Ne4 {[%emt 0:00:06]} Qe7 {[%emt 0:01:57]} 29. Qf5 {[%emt 0:00:56]} axb3 {[%emt 0:01:32]} 30. Ng5 {[%emt 0:01:29]} Rg6 {[%emt 0:01:20]} 31. Nxf7+ {[%emt 0:01:04]} Kg7 {[%emt 0:01:14]} 32. Ne5 {[%emt 0:00:31]} Rg5 {[%emt 0:00:04]} 33. Nc6 {[%emt 0:00:51]} Rxf5 {[%emt 0:00:05]} 34. Nxe7 {[%emt 0:00:04]} Rf7 {[%emt 0:00:10]} 35. Nc6 {[%emt 0:01:27]} Rb6 {[%emt 0:00:04]} 36. Ne5 {[%emt 0:00:34]} bxa2 {[%emt 0:00:04]} 0-1